| 000 | 00673cam a2200229 a 4500 | ||
|---|---|---|---|
| 001 | 1442129 | ||
| 005 | 20240205234300.0 | ||
| 008 | 850513s1986 enka b 001 0 eng | ||
| 020 | _a0714528285 : | ||
| 020 | _a071452851X (pbk.) : | ||
| 040 |
_aDLC _cDLC _dDLC |
||
| 082 | 0 | 0 |
_a306 _219 |
| 100 | 1 | _aWilliamson, Judith, | |
| 245 | 1 | 0 |
_aConsuming passions : _bthe dynamics of popular culture / _cJudith Williamson. |
| 260 |
_aLondon ; _aNew York : _bM. Boyars ; _aNew York : _bDistributed in the U.S. by Scribner, _c1986. |
||
| 300 | _a240 p. : | ||
| 650 | 0 | _aPopular culture | |
| 650 | 0 | _aPopular culture | |
| 650 | 0 | _aPopular culture | |
| 650 | 0 | _aConsumers. | |
| 942 | _cL | ||
| 999 |
_c288 _d288 |
||